000 01343pab a2200181 454500
008 180718b2017 xxu||||| |||| 00| 0 eng d
100 _aChoi, Yujin
245 _aWork values, job characteristics, and career choice decisions: evidence from longitudinal data
260 _c2017
300 _ap.779-796.
362 _aOct
520 _aAlthough a large volume of literature has documented the role of public service motivation (PSM) as altruistic work values, few studies directly examine PSM?s impact on job choice. Using longitudinal data, this article examines the factors that affect people?s career choices, specifically the extent to which individuals with different work values choose different sectors when considering job characteristics and person?job (P-J) fit. The analysis reveals that people are more likely to choose jobs in the private sector than jobs in the public or non-profit sector when they have opportunities to satisfy their altruistic work values through relational jobs. The findings speak to the importance of P-J fit when people choose their initial jobs. Contributions to existing literature and implications are discussed. - Reproduced.
650 _aPublic service motivation
650 _aWork value
650 _aCivil service
773 _aAmerican Review of Public Administration
909 _a116579
999 _c116573
_d116573